00896nam a2200217 i 4500001000300000245014900003260004500152300003500197650004300232651007500275655001600350700003300366700002800399710005300427020001500480040000800495041000700503080002900510008004100539856009800580bg00aInformator dla kandydatów na I rok studiów /c[oprac. Genowefa Białuska, Renata Zasuwa] ; Politechnika Koszalińska. Wydział Mechaniczny. aKoszalin :bWydaw. Uczelniane PK,c2001. a69 s. :b1 pl., rys. ;c21 cm. 9aTechnikaxszkolnictwo wyższezPolska 9aKoszalin (woj. zachodniopomorskie)xPolitechnikaxWydział Mechaniczny aInformatory1 aBIAŁUSKA, Genowefa.eOprac.1 aZASUWA, Renata.eOprac. 0aPolitechnika KoszalińskabWydział Mechaniczny a8388283618 cBPK0 apl a378.662.096:62](438)"20" s pl f |000 0 pol  uhttp://koha.tu.koszalin.pl/cgi-bin/koha/opac-detail.pl?biblionumber=39433yKatalog online BPK